[Event "?"]
[Site "masterchessopen.com Belfort (France)"]
[Round "0"]
[White "Georgiev Kiril (MKD)"]
[Black "Dlugy Maxim (USA)"]
[Result "1-0"]
[WhiteElo "2410"]
[BlackElo "2455"]

1.d4 d5 2.c4 dxc4 3.Nf3 Nf6 4.e3 e6 5.Bxc4 c5 6.O-O a6 7.Qe2 b5 8.Bb3 Bb7
9.Rd1 Be7 10.Nc3 O-O 11.e4 b4 12.d5 bxc3 13.dxe6 Qb6 14.e5 Ne4 15.exf7+ Kh8
16.e6 Bf6 17.Ne5 Qc7 18.Ng6+ hxg6 19.Rd3 Ng5 20.Bxg5 Bxg5 21.e7 Nc6 22.e8=Q
cxb2 23.Qxb2 Nd4 24.Rh3+ Bh6 25.Qe3 Kh7 26.Qbc1 Nf5 27.Qexc5 Qd8 28.Qe1 Qg5
29.Rg3 Qf4 30.Qce5 Qh4 31.Rxg6 Kxg6 32.Be6 Qg5 33.g3 Qf6 34.g4 Qxe5 35.Qxe5
Ne7 36.Bf5+ Kxf7 37.Qe6+ Ke8 38.Bg6+ Kd8 39.Rd1+ Nd5 40.Qd6+ {#r} 1-0

[Event "Ch Europe (juniors) (under 20)"]
[Site "masterchessopen.com Groningen (Netherlands)"]
[Round "5"]
[White "Stohl Igor (SVK)"]
[Black "Arlandi Ennio (ITA)"]
[Result "1-0"]
[WhiteElo "2524"]
[BlackElo "2436"]

1.d4 d5 2.Nf3 Nf6 3.c4 dxc4 4.e3 e6 5.Bxc4 c5 6.O-O a6 7.Qe2 b5 8.Bb3 Bb7
9.Rd1 Nbd7 10.Nc3 Qb8 11.Ne5 c4 12.Nxd7 Nxd7 13.Bc2 Bd6 14.h3 O-O 15.e4 e5
16.Be3 Re8 17.dxe5 Nxe5 18.f4 Ng6 19.e5 Bb4 20.Nd5 Ba5 21.Qf2 Bc6 22.Be4 Qb7
23.Qf3 Kh8 24.Bc5 Rad8 25.Bd6 f5 26.Bc2 Bxd5 27.Qxd5 Qxd5 28.Rxd5 Nxf4 29.Rdd1
g6 30.Kf1 Kg8 31.a4 Ra8 32.g4 fxg4 33.hxg4 Ra7 34.axb5 axb5 35.Be4 Rc8 36.Bb4
Bb6 37.Rxa7 Bxa7 38.Rd7 Bc5 39.Bb7 Bxb4 40.Bxc8 Nd3 41.Rb7 Nxb2 42.Rxb5 Bc3
43.e6 h6 44.Rb7 Bf6 45.e7 Kf7 46.Be6+ {#r} 1-0

[Event "Ch Malaga"]
[Site "masterchessopen.com Malaga (Spain)"]
[Date "1983.04.13"]
[Round "2"]
[White "Aguilar Juan (PER)"]
[Black "Martin Marfil Francisco"]
[Result "1-0"]
[WhiteElo "2312"]
[BlackElo "2031"]

1.d4 d5 2.c4 dxc4 3.Nf3 Nf6 4.e3 e6 5.Bxc4 c5 6.O-O a6 7.Qe2 b5 8.Bb3 Bb7
9.Rd1 Qc7 10.a4 b4 11.Nbd2 Nbd7 12.Nc4 Be7 13.Bd2 O-O 14.Rac1 Rac8 15.Nce5
Nxe5 16.Nxe5 Bd6 17.Nd3 Bxh2+ 18.Kh1 Ne4 19.Nxc5 Nxc5 20.Rxc5 Qb8 21.Rh5 Bd6
22.e4 Rfd8 23.Bg5 Rd7 24.Qg4 Bf8 25.d5 Re8 26.Rc1 Qd6 27.dxe6 fxe6 28.Rxh7
Kxh7 29.Qh5+ Kg8 30.Qxe8 {#r} 1-0

[Event "It"]
[Site "masterchessopen.com Banja-Luka (Bosnia & Herzegovina)"]
[Round "0"]
[White "Vaisser Anatoly (FRA)"]
[Black "Damljanovic Branko (SRB)"]
[Result "1-0"]
[WhiteElo "2495"]
[BlackElo "2400"]

1.d4 d5 2.c4 dxc4 3.Nf3 Nf6 4.e3 e6 5.Bxc4 c5 6.O-O a6 7.Qe2 b5 8.Bb3 Bb7
9.Rd1 Nbd7 10.e4 cxd4 11.e5 Nd5 12.Rxd4 Be7 13.Nbd2 Qc7 14.Nf1 O-O 15.Rg4 Rfc8
16.Bh6 g6 17.h4 a5 18.Rc1 Qb6 19.Rxc8+ Rxc8 20.h5 Bf8 21.Bxf8 Nxf8 22.Ng5 a4
23.Bxd5 Bxd5 24.Rf4 Rc7 25.h6 Re7 26.Rb4 Qd8 27.Qd2 Rb7 28.Qf4 Qe7 29.Ne3 Nd7
30.a3 f6 31.exf6 Nxf6 32.Qe5 Bb3 33.Rxb5 Rxb5 34.Qxb5 Qc7 35.Qa6 Qe7 36.Qc8+
Qf8 37.Qc7 Ne8 38.Qxh7# 1-0

[Event "Ch Denmark (corr.)"]
[Site "masterchessopen.com corr."]
[Round "0"]
[White "Ros Aksel (DEN)"]
[Black "Granberg Niels"]
[Result "1-0"]
[WhiteElo "2115"]
[BlackElo "2200"]

1.d4 Nf6 2.Nf3 d5 3.c4 dxc4 4.e3 e6 5.Bxc4 c5 6.O-O a6 7.Qe2 b5 8.Bb3 Bb7
9.Rd1 Nbd7 10.Nc3 Qc7 11.e4 cxd4 12.Nxd4 Nc5 13.Bg5 Nxb3 14.axb3 Bc5 15.b4
Bxd4 16.Rxd4 e5 17.Rd3 Rd8 18.Nd5 Bxd5 19.exd5 Qd6 20.Rc1 O-O 21.Rc6 e4 22.Rg3
{#r} 1-0

[Event "It"]
[Site "masterchessopen.com Poznan (Poland)"]
[Round "9"]
[White "Szymczak Zbigniew (POL)"]
[Black "Bernard Ryszard (POL)"]
[Result "1-0"]
[WhiteElo "2335"]
[BlackElo "2415"]

1.d4 d5 2.c4 dxc4 3.Nf3 Nf6 4.e3 e6 5.Bxc4 c5 6.O-O a6 7.Qe2 b5 8.Bb3 Bb7
9.Rd1 Nbd7 10.e4 cxd4 11.e5 Nd5 12.Rxd4 Qc7 13.Bd2 Be7 14.Rg4 g6 15.Nc3 Nxc3
16.Bxc3 Nc5 17.Bc2 Bd5 18.Qe3 Rc8 19.h4 Nd7 20.a3 Qb6 21.Qe2 Rc4 22.Rxc4 Bxc4
23.Qd2 Bd5 24.Ng5 O-O 25.h5 Qd8 26.Nh3 Qa8 27.Qh6 Be4 28.Bb4 Bxg2 29.hxg6 fxg6
30.Bxe7 Bxh3 31.Qxh3 Rf7 32.Bd6 Qd8 33.Bb3 Qg5+ 34.Qg3 Qf5 35.Rc1 h5 36.Rc8+
Kh7 37.Bc2 {#r} 1-0

[Event "It"]
[Site "masterchessopen.com Tunja (Colombia)"]
[Round "8"]
[White "Agzamov Georgy T (RUS)"]
[Black "Vera Reynaldo (CUB)"]
[Result "1-0"]
[WhiteElo "2570"]
[BlackElo "2440"]

1.d4 d5 2.c4 dxc4 3.Nf3 Nf6 4.e3 c5 5.Bxc4 e6 6.O-O a6 7.Qe2 b5 8.Bb3 Bb7
9.Rd1 Nbd7 10.e4 Bxe4 11.Ng5 c4 12.Bxc4 Bxb1 13.Nxf7 Qe7 14.Nxh8 bxc4 15.Rxb1
Nb6 16.Bd2 g6 17.Ba5 Nbd5 18.Re1 Bg7 19.Qxc4 Kf8 20.Qc6 Re8 21.Nxg6+ hxg6
22.Qxa6 Ng4 23.Qe2 Nh6 24.Bc3 Nf5 25.Qf3 Bf6 26.Re4 Kf7 27.a4 Qb7 28.Rbe1 Qb3
29.a5 Qa2 30.h4 Ng7 31.g4 Kg8 32.h5 gxh5 33.gxh5 Rf8 34.h6 Nf5 35.Rxe6 Nxh6
36.Re8 Rxe8 37.Rxe8+ Kg7 38.a6 Nxc3 39.Qb7+ Nf7 40.bxc3 Qa4 41.Re3 {#r} 1-0

[Event "Ch NRW"]
[Site "masterchessopen.com Bad Oeynhausen (Germany)"]
[Round "10"]
[White "Vogt Andreas (GER)"]
[Black "Heinbuch Detlef (GER)"]
[Result "0-1"]
[WhiteElo "2269"]
[BlackElo "2295"]

1.d4 d5 2.c4 dxc4 3.Nf3 Nf6 4.e3 e6 5.Bxc4 a6 6.O-O c5 7.Qe2 b5 8.Bb3 Bb7
9.Rd1 Nbd7 10.Nc3 Qb8 11.d5 Nxd5 12.Nxd5 Bxd5 13.Bxd5 exd5 14.Rxd5 Be7 15.e4
Nb6 16.Rh5 O-O 17.e5 Qc8 18.Qe4 g6 19.Rh3 Qe6 20.Bg5 f5 21.Qh4 Rf7 22.Rd1 Re8
23.Bxe7 Rfxe7 24.g3 Rd7 25.Re1 Qxa2 26.Ng5 h5 27.e6 Rd4 28.f4 Qd5 29.Nf3 Rd1
30.Rxd1 Qxd1+ 31.Kf2 Rxe6 32.Ne5 Rd6 {#R} 0-1

[Event "It (open)"]
[Site "masterchessopen.com Amsterdam (Netherlands)"]
[Round "1"]
[White "Haik Aldo (FRA)"]
[Black "Pliester Leon (NED)"]
[Result "0-1"]
[WhiteElo "2440"]
[BlackElo "2340"]

1.d4 d5 2.c4 dxc4 3.Nf3 Nf6 4.e3 e6 5.Bxc4 c5 6.O-O a6 7.Qe2 b5 8.Bb3 Bb7
9.Nc3 Nbd7 10.e4 cxd4 11.Nxd4 Bc5 12.Rd1 Qb6 13.Be3 O-O 14.a4 Rad8 15.axb5
axb5 16.Qxb5 Qxb5 17.Ncxb5 Bxe4 18.Nc7 Rb8 19.Ndb5 Bxe3 20.fxe3 Ne5 21.Ra5
Neg4 22.Re1 Rfd8 23.Nd4 e5 24.Na6 Rb6 25.Nc5 exd4 26.exd4 h5 27.h3 Nh6 28.Nxe4
Nxe4 29.Bc2 Ng3 30.b4 Rxb4 31.d5 g6 32.Kf2 h4 33.Kf3 Nhf5 34.Bxf5 Nxf5 35.Rd1
Rb3+ 36.Kf2 Kg7 37.Rd2 Nd6 {#R} 0-1

[Event "It"]
[Site "masterchessopen.com Habana (Cuba)"]
[Round "3"]
[White "Garcia Palermo Carlos (ITA)"]
[Black "Dlugy Maxim (USA)"]
[Result "1-0"]
[WhiteElo "2515"]
[BlackElo "2495"]

1.d4 d5 2.c4 dxc4 3.Nf3 Nf6 4.e3 e6 5.Bxc4 a6 6.O-O c5 7.Qe2 b5 8.Bb3 Bb7
9.Rd1 Be7 10.a4 Nbd7 11.dxc5 Bxc5 12.axb5 axb5 13.Rxa8 Qxa8 14.Na3 b4 15.Nc2
Ke7 16.Bd2 Qa5 17.Nfd4 Ne5 18.f4 Nc6 19.f5 e5 20.Qc4 Nd8 21.Nb5 Ne4 22.Bxb4
Qb6 23.Nc3 Bxb4 24.Nxe4 Bxe4 25.Qxe4 Bd6 26.Bc4 Qxb2 27.f6+ gxf6 28.Nd4 Kf8
29.Nf5 {#r} 1-0

[Event "It"]
[Site "masterchessopen.com Baku (Azerbaijan)"]
[Round "0"]
[White "Van Der Sterren Paul (NED)"]
[Black "Damljanovic Branko (SRB)"]
[Result "1-0"]
[WhiteElo "2475"]
[BlackElo "2405"]

1.d4 d5 2.c4 dxc4 3.Nf3 Nf6 4.e3 e6 5.Bxc4 c5 6.O-O a6 7.Qe2 b5 8.Bb3 Bb7
9.Rd1 Nbd7 10.Nc3 Qb6 11.d5 e5 12.Bc2 c4 13.Bf5 Bd6 14.b3 Qa5 15.Bxd7+ Kxd7
16.Qc2 cxb3 17.Qf5+ Ke7 18.Bd2 b2 19.Rab1 b4 20.Rxb2 Bc8 21.Qd3 bxc3 22.Bxc3
Qc7 23.Rc1 Re8 24.Nxe5 Kf8 25.Rbc2 Kg8 26.f4 Qe7 27.e4 Ng4 28.Nxg4 Bxg4 29.e5
Bc5+ 30.Bd4 Bxd4+ 31.Qxd4 Bf5 32.Rc7 Qh4 33.e6 Re7 34.Rc8+ Re8 35.exf7+ Kxf7
36.R8c7+ Re7 37.d6 Rd7 38.Qd5+ Kg6 39.Rxd7 Bxd7 40.Qxa8 Qxf4 41.Rd1 {#r} 1-0

[Event "Ch World (juniors) (under 20)"]
[Site "masterchessopen.com Gausdal (Norway)"]
[Round "9"]
[White "Litvinchuk John (USA)"]
[Black "Barua Dibyendu (IND)"]
[Result "0-1"]
[WhiteElo "2300"]
[BlackElo "2400"]

1.d4 d5 2.c4 dxc4 3.e3 Nf6 4.Bxc4 e6 5.Nf3 c5 6.O-O a6 7.Qe2 b5 8.Bb3 Bb7
9.Rd1 Nbd7 10.Nc3 Bd6 11.e4 cxd4 12.Nxd4 Qb8 13.a3 Bxh2+ 14.Kh1 Bc7 15.Bg5 h6
16.Bd2 O-O 17.Bc2 Bf4 18.Nf3 Bxd2 19.Rxd2 Ne5 20.Nxe5 Qxe5 21.Rad1 g5 22.Rd4
Bc6 23.R1d2 Kg7 24.Qd1 h5 25.Qg1 Ng4 26.Ne2 Qf6 27.Ng3 Qe5 28.Qe1 Rh8 29.Qe2
Nf6 30.Qe3 Ng4 31.Qe2 Rac8 32.Kg1 Ba8 33.Qd1 Nf6 34.Re2 h4 35.Nf1 Nh5 36.Nh2
Nf4 37.Red2 Qc5 38.Ng4 Rhf8 39.Ne3 Ng6 40.Ng4 Ne5 41.Ne3 Qe7 42.Rd6 Bc6 43.b4
Rh8 44.Kh1 h3 45.g3 Qf6 46.Qa1 Bb7 47.Qd4 Rc4 48.Qb6 Qf3+ 49.Kh2 Ng4+ {#R} 0-1

[Event "Ch Europe (juniors)"]
[Site "masterchessopen.com Arnhem (Netherlands)"]
[Round "9"]
[White "Calinescu Gruia (ROM)"]
[Black "Lev Ronen (ISR)"]
[Result "0-1"]
[WhiteElo "2320"]
[BlackElo "2400"]

1.d4 d5 2.c4 dxc4 3.Nf3 Nf6 4.e3 e6 5.Bxc4 c5 6.Qe2 a6 7.O-O b5 8.Bb3 Bb7
9.Rd1 Nbd7 10.Nc3 Qc7 11.e4 cxd4 12.Nd5 exd5 13.exd5+ Kd8 14.Bg5 Bc5 15.Nxd4
Qe5 16.Qg4 Bxd4 17.Rxd4 Re8 18.Rdd1 h6 19.Bxf6+ Qxf6 20.a4 Nc5 21.Qb4 Nxb3
22.Qxb3 Re2 23.Qg3 Qe5 24.Qh4+ Kd7 25.axb5 axb5 26.Rac1 Rc8 27.Qb4 Rxb2 28.Qa5
Rxc1 29.Rxc1 Qf4 30.Rf1 Qd4 31.d6 Qxd6 32.Qc3 Rd2 {#R} 0-1

[Event "It (open) \"]
[Site "masterchessopen.com Chicago (USA)"]
[Round "1"]
[White "Bisguier Arthur B (USA)"]
[Black "Acosta Mariano (ARG)"]
[Result "1-0"]
[WhiteElo "2237"]
[BlackElo "2000"]

1.d4 d5 2.Nf3 Nf6 3.c4 dxc4 4.e3 e6 5.Bxc4 c5 6.O-O a6 7.Qe2 b5 8.Bb3 Bb7
9.Nc3 Nbd7 10.Rd1 Qc7 11.d5 c4 12.dxe6 fxe6 13.Bc2 Bd6 14.e4 O-O 15.a3 Rae8
16.h3 Ne5 17.Nd4 Ng6 18.g3 Bc5 19.Be3 h5 20.Nf3 h4 21.Nxh4 Nxh4 22.gxh4 Bxe3
23.Qxe3 Nh5 24.Ne2 Re7 25.Qg5 Ref7 26.Rf1 Nf4 27.Nxf4 Rxf4 28.Rae1 Qf7 29.Re2
e5 30.Rd2 Bc8 31.Bd1 Bxh3 32.Bh5 Qa7 33.Rfd1 Rxf2 34.Rxf2 Qxf2+ 35.Kh1 Qxb2
36.Rg1 Bg2+ 37.Rxg2 Qxg2+ 38.Kxg2 c3 39.Bd1 Rc8 40.Bb3+ {#r} 1-0

[Event "?"]
[Site "masterchessopen.com Graz (Austria)"]
[Round "5"]
[White "Kozul Zdenko (CRO)"]
[Black "Velikov Petar (BUL)"]
[Result "0-1"]
[WhiteElo "2541"]
[BlackElo "2417"]

1.d4 d5 2.c4 dxc4 3.Nf3 Nf6 4.e3 e6 5.Bxc4 a6 6.O-O c5 7.Qe2 b5 8.Bb3 Bb7 9.a4
Nbd7 10.axb5 axb5 11.Rxa8 Qxa8 12.Nc3 b4 13.Nb5 Qb8 14.e4 cxd4 15.Nbxd4 Bc5
16.e5 Nd5 17.Re1 O-O 18.Bc2 g6 19.h4 Rc8 20.Qd3 Bf8 21.h5 Nc5 22.Qd2 Ba6
23.hxg6 hxg6 24.Rd1 Qc7 25.Qg5 Bd3 26.Bxd3 Nxd3 27.Nxe6 Qc2 28.Rxd3 Qxd3
29.Nxf8 Qd1+ {#R} 0-1

[Event "It (open)"]
[Site "masterchessopen.com New York (USA)"]
[Round "0"]
[White "Ftacnik Lubomir (SVK)"]
[Black "Zaltsman Vitaly F (USA)"]
[Result "1-0"]
[WhiteElo "2570"]
[BlackElo "2445"]

1.d4 d5 2.c4 dxc4 3.Nf3 a6 4.e3 e6 5.Bxc4 Nf6 6.O-O c5 7.Qe2 b5 8.Bb3 Bb7
9.Rd1 Be7 10.Nc3 O-O 11.e4 cxd4 12.Nxd4 Qc7 13.Bg5 h6 14.Bh4 Nxe4 15.Nxe6 fxe6
16.Bxe7 Rxf2 17.Qg4 Qxe7 18.Nxe4 Rf8 19.Rac1 Kh8 20.Nc5 Nc6 21.Qxe6 Qxe6
22.Nxe6 Rf6 23.Nc5 Na5 24.Nxb7 Nxb7 25.Rd7 Nd6 26.h3 Raf8 27.Bd5 Nf5 28.Rf1
Ne3 29.Rxf6 Rxf6 30.Rd8+ Kh7 31.Be4+ g6 32.Rd3 Nc4 33.Rd7+ Kg8 34.b3 Ne5
35.Ra7 Rd6 36.Kf2 Kf8 37.Ke3 g5 38.Bb7 b4 39.Rxa6 Rd7 40.Be4 Kg7 41.Ra4 {#r}
1-0

[Event "Ch URS (qual)"]
[Site "masterchessopen.com Pavlodar (Kazakhstan)"]
[Round "0"]
[White "Nasybullin Vladislav (KAZ)"]
[Black "Janovsky Sergey (RUS)"]
[Result "1-0"]
[WhiteElo "2396"]
[BlackElo "2375"]

1.d4 Nf6 2.Nf3 d5 3.c4 dxc4 4.e3 e6 5.Bxc4 c5 6.O-O a6 7.Qe2 b5 8.Bb3 Bb7
9.Rd1 Nbd7 10.e4 cxd4 11.e5 Bxf3 12.gxf3 Nh5 13.f4 Qh4 14.Rxd4 Bc5 15.Re4 Qh3
16.Bd1 g6 17.b4 Bb6 18.a4 O-O 19.Ra3 Qf5 20.Bc2 Rac8 21.Nc3 Ng7 22.axb5 axb5
23.Nxb5 Nxe5 24.Nd6 Qg4+ 25.Qxg4 Nxg4 26.Nxc8 Rxc8 27.Bb2 Bxf2+ 28.Kf1 Bb6
29.Bd1 f5 30.Re1 Rc4 31.Bxg4 fxg4 32.Ra8+ Kf7 33.Be5 Nf5 34.Rb8 Rxb4 35.Rb7+
Kg8 36.Ra1 Ba5 37.Rd7 Rb5 38.Rc1 Bb4 39.Rc8+ Bf8 40.Rdd8 Rb1+ 41.Kf2 {#r} 1-0

[Event "Cup Warsaw"]
[Site "masterchessopen.com Warsaw (Poland)"]
[Round "4"]
[White "Grabowski Andrzej (POL)"]
[Black "Kiedrowicz Jan (POL)"]
[Result "0-1"]
[WhiteElo "2350"]
[BlackElo "2298"]

1.d4 d5 2.c4 dxc4 3.Nf3 Nf6 4.e3 e6 5.Bxc4 c5 6.O-O a6 7.Qe2 b5 8.Bb3 Bb7
9.Rd1 Qc7 10.a4 b4 11.e4 cxd4 12.e5 Nd5 13.Bg5 h6 14.Rc1 Nc6 15.Bh4 Be7 16.Bg3
Qb6 17.Nbd2 Na5 18.Nc4 Nxc4 19.Rxc4 a5 20.Nxd4 O-O 21.Qg4 Rac8 22.Nb5 Rxc4
23.Bxc4 Qc6 24.Bf1 Qc2 25.Qe2 Qxe2 26.Bxe2 Nb6 27.Nd4 Bd5 28.Bb5 Bc5 29.Nc6
Bxc6 30.Bxc6 Bd4 31.Rc1 Bxb2 32.Rc5 Rc8 {#R} 0-1

[Event "?"]
[Site "masterchessopen.com Jarvenpaa (Finland)"]
[Round "0"]
[White "Raisa Unto (FIN)"]
[Black "Rantanen Yrjo A (FIN)"]
[Result "0-1"]
[WhiteElo "2130"]
[BlackElo "2370"]

1.d4 d5 2.Nf3 Nf6 3.c4 dxc4 4.e3 e6 5.Bxc4 a6 6.O-O c5 7.Qe2 b5 8.Bb3 Bb7
9.Rd1 Nbd7 10.Nc3 Qb8 11.d5 c4 12.dxe6 fxe6 13.Bc2 Bc5 14.Ng5 Qe5 15.f4 Qxf4
16.Nxe6 Qe5 17.Nxc5 Nxc5 18.e4 O-O 19.Be3 Ncxe4 20.Bd4 Qe8 21.Nxe4 Bxe4 22.Re1
Bxc2 23.Qxc2 Qc6 24.Qf5 Rad8 25.Rad1 Rd5 26.Qf3 Nh5 27.Qe3 Nf4 28.Qg3 Qd7
29.Qe3 Nd3 30.Rxd3 cxd3 31.Bc3 d2 32.Rd1 Re8 33.Qg3 Rd3 34.Qg5 Rxc3 35.bxc3
Re1+ {#R} 0-1

[Event "It (open)"]
[Site "masterchessopen.com Lugano (Switzerland)"]
[Round "0"]
[White "Pavlovic Milos (SRB)"]
[Black "Meyer Peter (GER)"]
[Result "1-0"]
[WhiteElo "2390"]
[BlackElo "2086"]

1.d4 d5 2.Nf3 Nf6 3.c4 dxc4 4.e3 e6 5.Bxc4 c5 6.O-O a6 7.Qe2 b5 8.Bb3 Bb7
9.Nc3 Nbd7 10.Rd1 Qb8 11.d5 exd5 12.e4 dxe4 13.Ng5 c4 14.Ncxe4 Nxe4 15.Bc2 Nf6
16.Nxe4 Qe5 17.Bf4 Qe6 18.Nxf6+ gxf6 19.Qh5 Bb4 20.Bf5 {#r} 1-0

[Event "Ch World (juniors)"]
[Site "masterchessopen.com Oakham (England)"]
[Round "0"]
[White "Brenninkmeijer Joris (NED)"]
[Black "Garcia Palermo Carlos (ITA)"]
[Result "0-1"]
[WhiteElo "2390"]
[BlackElo "2505"]

1.d4 d5 2.c4 dxc4 3.Nf3 a6 4.e3 e6 5.Bxc4 c5 6.O-O Nf6 7.Qe2 b5 8.Bb3 Bb7
9.Rd1 Nbd7 10.e4 cxd4 11.e5 Nd5 12.Rxd4 Rc8 13.Nbd2 Qc7 14.Ne4 Nxe5 15.Bg5
Nxf3+ 16.Qxf3 Be7 17.Rc1 Qe5 18.Rxc8+ Bxc8 19.Bxe7 Kxe7 20.Rd2 Rd8 21.h3 f5
22.Ng3 Nf4 23.Rxd8 Kxd8 24.Kh2 Kc7 25.Qc3+ Qxc3 26.bxc3 Kd6 27.Kg1 Nd5 28.c4
bxc4 29.Bxc4 Kc5 30.Bb3 g6 31.Kf1 e5 32.Ke1 Be6 33.Nf1 Nf4 34.Bxe6 Nxe6 35.Kd2
Nf4 36.Ne3 e4 37.h4 Nd5 38.Nc2 Nb4 {#R} 0-1

[Event "Cup World (cat.15)"]
[Site "masterchessopen.com Reykjavik (Iceland)"]
[Round "0"]
[White "Korchnoi Viktor (SUI)"]
[Black "Nikolic Predrag (BIH)"]
[Result "0-1"]
[WhiteElo "2595"]
[BlackElo "2585"]

1.d4 d5 2.c4 dxc4 3.Nf3 a6 4.e3 e6 5.Bxc4 c5 6.O-O Nf6 7.Qe2 b5 8.Bb3 Bb7
9.Rd1 Nbd7 10.Nc3 Qb6 11.e4 cxd4 12.Nxd4 Bc5 13.Be3 Ne5 14.a4 Neg4 15.e5 Nxe3
16.fxe3 Nd7 17.Qg4 h5 18.Qxg7 O-O-O 19.Qxf7 Rhg8 20.Rd2 Bxd4 21.exd4 Rdf8
22.Qxh5 bxa4 23.Bd5 exd5 24.Qh3 Rh8 25.Nxa4 Qg6 26.Qe3 Kb8 27.e6 Nf6 28.Qe5+
{#R} 0-1

[Event "?"]
[Site "masterchessopen.com URS"]
[Round "0"]
[White "Fominyh Alexander (RUS)"]
[Black "Yakovich Yuri (RUS)"]
[Result "0-1"]
[WhiteElo "2479"]
[BlackElo "2450"]

1.d4 d5 2.c4 dxc4 3.Nf3 Nf6 4.e3 e6 5.Bxc4 a6 6.O-O c5 7.Qe2 b5 8.Bb3 Bb7
9.Rd1 Nbd7 10.Nc3 Qb6 11.d5 Nxd5 12.Nxd5 Bxd5 13.Bxd5 exd5 14.Rxd5 Be7 15.e4
Rd8 16.a4 O-O 17.axb5 axb5 18.Bg5 Bxg5 19.Nxg5 h6 20.Nf3 Nf6 21.Rxd8 Rxd8
22.b3 Qc6 23.e5 Ne4 24.Re1 Nc3 25.Qc2 b4 26.Nd2 Qd5 27.Nc4 Nb5 28.Rc1 Na3
29.Qe2 Nxc4 30.bxc4 Qd2 31.Qxd2 Rxd2 32.Kf1 g5 33.Ke1 Ra2 {#R} 0-1

[Event "It (open)"]
[Site "masterchessopen.com Aosta (Italy)"]
[Round "0"]
[White "Garcia Palermo Carlos (ITA)"]
[Black "Wagman Stuart (USA)"]
[Result "1-0"]
[WhiteElo "2488"]
[BlackElo "2125"]

1.d4 d5 2.Nf3 Nf6 3.c4 c6 4.e3 e6 5.Bd3 dxc4 6.Bxc4 c5 7.O-O a6 8.Qe2 b5 9.Bb3
Bb7 10.Rd1 Nbd7 11.Nc3 Be7 12.e4 b4 13.d5 bxc3 14.dxe6 fxe6 15.Ng5 Qb6 16.Nxe6
Bxe4 17.Nxg7+ Kd8 18.bxc3 Ra7 19.Bg5 Kc8 20.Be6 Qc6 21.f3 Bg6 22.Qe5 Rf8
23.Bf4 Rb7 24.Rxd7 {#r} 1-0

[Event "Ch Denmark (team) 1989/90"]
[Site "masterchessopen.com Denmark"]
[Round "3"]
[White "Christensen Bent (DEN)"]
[Black "Jorgensen Per Henrik Dorff (DEN)"]
[Result "1-0"]
[WhiteElo "2031"]
[BlackElo "2263"]

1.d4 d5 2.c4 dxc4 3.Nf3 Nf6 4.e3 e6 5.Bxc4 c5 6.O-O a6 7.Qe2 b5 8.Bb3 Bb7
9.Rd1 Nbd7 10.Nc3 Qb8 11.d5 exd5 12.Nxd5 Nxd5 13.Bxd5 Bxd5 14.Rxd5 Nf6 15.e4
Be7 16.Rd1 O-O 17.e5 Ne8 18.Be3 Nc7 19.Rd7 Re8 20.Bg5 Bd8 21.Qd3 Ne6 22.Qf5
Bxg5 23.Qxf7+ Kh8 24.Nxg5 Qxe5 25.Qxe8+ {#r} 1-0

[Event "It (open)"]
[Site "masterchessopen.com Espoo (Finland)"]
[Round "0"]
[White "Suetin Alexei S (RUS)"]
[Black "Lehtivaara Risto (FIN)"]
[Result "1-0"]
[WhiteElo "2327"]
[BlackElo "2161"]

1.d4 d5 2.c4 dxc4 3.Nf3 Nf6 4.e3 e6 5.Bxc4 a6 6.O-O c5 7.Qe2 b5 8.Bb3 Bb7 9.a4
c4 10.Bc2 Nc6 11.axb5 axb5 12.Rxa8 Qxa8 13.Nc3 Qa5 14.Bd2 b4 15.Ne4 Ba6 16.Qd1
c3 17.bxc3 Bxf1 18.Qxf1 Be7 19.Nxf6+ gxf6 20.cxb4 Bxb4 21.Qc4 Kd7 22.Be4 Bxd2
23.Qxc6+ Ke7 24.Nxd2 Qxd2 25.Qc5+ Kd8 26.Qd6+ Kc8 27.Qc5+ Kd8 28.g3 Qb2
29.Qd6+ Kc8 30.Qc6+ Kd8 31.Qa8+ Ke7 32.Qxh8 f5 33.Bf3 {#r} 1-0

[Event "Bundesliga 1988/89"]
[Site "masterchessopen.com Germany"]
[Round "0"]
[White "Reis Gerhard (GER)"]
[Black "Bialas Wolfram (GER)"]
[Result "0-1"]
[WhiteElo "2228"]
[BlackElo "2325"]

1.d4 d5 2.Nf3 Nf6 3.c4 dxc4 4.e3 e6 5.Bxc4 c5 6.O-O a6 7.Qe2 b5 8.Bb3 Bb7
9.Rd1 Nbd7 10.Nc3 Qc7 11.e4 cxd4 12.Nxd4 Bd6 13.Kh1 Be5 14.a3 O-O 15.Bg5 Nc5
16.Bc2 Rad8 17.Qe3 Bxd4 18.Rxd4 Ng4 19.Bf4 Nxe3 20.Bxc7 Rxd4 21.fxe3 Rd2
22.Rc1 Rc8 23.Bg3 Bxe4 {#R} 0-1

[Event "Ch URS (club)"]
[Site "masterchessopen.com Simferopol (Ukraine)"]
[Round "0"]
[White "Yuneev Alexey (RUS)"]
[Black "Donchenko Anatoly G (GER)"]
[Result "0-1"]
[WhiteElo "2425"]
[BlackElo "2370"]

1.d4 d5 2.c4 dxc4 3.Nf3 a6 4.e3 Nf6 5.Bxc4 e6 6.O-O c5 7.Qe2 b5 8.Bb3 Bb7
9.Nc3 Nbd7 10.Rd1 Qb8 11.h3 Bd6 12.e4 cxd4 13.Rxd4 O-O 14.a3 Ne5 15.Ne1 Ng6
16.Nf3 Bc5 17.Rd1 Nf4 18.Bxf4 Qxf4 19.Bc2 Rfd8 20.Rxd8+ Rxd8 21.Re1 g5 22.e5
g4 23.Rd1 Rxd1+ 24.Qxd1 gxf3 25.Qd8+ Ne8 26.Qxe8+ Kg7 {#R} 0-1

[Event "Ch BRD (juniors) (open)"]
[Site "masterchessopen.com Trier (Germany)"]
[Round "3"]
[White "Eriksson Magnus (SWE)"]
[Black "Bus Mariusz (POL)"]
[Result "0-1"]
[WhiteElo "2365"]
[BlackElo "2372"]

1.d4 d5 2.c4 dxc4 3.Nf3 c5 4.e3 Nf6 5.Bxc4 e6 6.O-O a6 7.Qe2 b5 8.Bb3 Bb7
9.Rd1 Nbd7 10.h3 Qb6 11.Nc3 Rd8 12.Bc2 Bd6 13.e4 cxd4 14.Nxd4 Bb8 15.Nf3 O-O
16.Bg5 h6 17.Be3 Qc7 18.Rac1 Nh5 19.g3 Qa5 20.Nd4 b4 21.Nb3 Qe5 22.f4 Qc7
23.Qxh5 bxc3 24.Bd4 cxb2 25.Bxb2 e5 26.Rf1 Qb6+ 27.Kh2 Nc5 28.Bc3 Nxb3 29.Bxb3
exf4 30.gxf4 Bxe4 31.Qg4 Bg6 32.Rc2 Rd3 33.Rg1 Rxc3 34.Rcg2 Qf6 35.Bxf7+ {#R}
0-1

[Event "Ch BRD (juniors) (open)"]
[Site "masterchessopen.com Trier (Germany)"]
[Round "1"]
[White "Eriksson Magnus (SWE)"]
[Black "Fancsy Imre (HUN)"]
[Result "1-0"]
[WhiteElo "2365"]
[BlackElo "2382"]

1.d4 d5 2.c4 dxc4 3.Nf3 a6 4.e3 Nf6 5.Bxc4 e6 6.O-O c5 7.Qe2 b5 8.Bb3 Bb7
9.Rd1 Nbd7 10.a4 Be7 11.Bc2 O-O 12.e4 cxd4 13.Nxd4 bxa4 14.Nc3 Qc7 15.Bxa4
Rfd8 16.Bg5 h6 17.Bh4 Nc5 18.e5 Nd5 19.Nxd5 Rxd5 20.Bxe7 Rxe5 21.Qc4 Qxe7
22.Nc6 Bxc6 23.Bxc6 {#r} 1-0

[Event "Ch URS (qual)"]
[Site "masterchessopen.com Ashkhabad (Turkmenistan)"]
[Round "0"]
[White "Simonenko Sergei (TKM)"]
[Black "Kakageldyev Amanmurad (TKM)"]
[Result "0-1"]
[WhiteElo "2389"]
[BlackElo "2388"]

1.d4 d5 2.c4 dxc4 3.Nf3 Nf6 4.e3 e6 5.Bxc4 c5 6.O-O a6 7.Qe2 b5 8.Bb3 Bb7
9.Rd1 Nbd7 10.a4 Qb6 11.axb5 axb5 12.Rxa8+ Bxa8 13.dxc5 Bxc5 14.Nc3 Bc6 15.Nd4
Bxd4 16.exd4 O-O 17.Bg5 b4 18.d5 bxc3 19.dxc6 Qxc6 20.Qc2 Rc8 21.Ba4 Qb7
22.bxc3 Nd5 23.c4 Ne5 24.c5 Qb4 25.c6 Qg4 26.Bc1 Nxc6 27.Bxc6 Rxc6 {#R} 0-1

[Event "It \"]
[Site "masterchessopen.com Buenos Aires (Argentina)"]
[Round "4"]
[White "Restifa Hector (ARG)"]
[Black "Juarez Alberto (ARG)"]
[Result "1-0"]
[WhiteElo "2315"]
[BlackElo "2244"]

1.d4 d5 2.c4 dxc4 3.Nf3 Nf6 4.e3 e6 5.Bxc4 c5 6.O-O a6 7.Qe2 b5 8.Bb3 Bb7
9.Rd1 Nbd7 10.Nc3 Qb8 11.d5 exd5 12.e4 dxe4 13.Ng5 c4 14.Ncxe4 Nxe4 15.Nxe4
Qe5 16.Bc2 O-O-O 17.g3 f5 18.Bf4 Qe8 19.Qd2 Nf6 20.Nxf6 Rxd2 21.Bxf5+ {#r} 1-0